000 00450nam a2200181Ia 4500
008 100917s9999 xx 000 0 und d
082 _b40563
100 _aदेवधर ज्योत्स्ना
245 _aगजगे
260 _bसंजय प्रकाशन
_c1970
300 _a188
365 _b7
520 _aकथा
630 _aगजगे
650 _aकथा
730 _aगजगे
942 _cBOOK
999 _c645957
_d645954